| 000 | 00614nam a2200229Ia 4500 | ||
|---|---|---|---|
| 008 | 160303s9999 xx 000 0 und d | ||
| 020 | _a971-051-305-5 | ||
| 050 | _aFIL HM 51 | ||
| 050 | _b.N34 2007 | ||
| 100 | _aNael, Michael M. | ||
| 245 | _aBasic sociology and anthropology / | ||
| 245 | _cMichael M. Nael. | ||
| 260 | _aCity of San Jose Del Monte, Bulacan, | ||
| 260 | _bSUG Pub. House Inc., | ||
| 260 | _c2007 | ||
| 300 | _a150 pages : | ||
| 300 | _billustrations ; | ||
| 300 | _c21 cm. | ||
| 500 | _aIncludes bibliographical references. | ||
| 650 | _aAnthropology. | ||
| 650 | _aSociology. | ||
| 999 |
_c291232 _d291232 |
||